Statistics for Answers contain "Purple"

Click here to take the quiz!

General Stats

  • This quiz has been taken 33 times
  • The average score is 7 of 15

Answer Stats

HintAnswer% Correct
Prince albumPurple Rain
97%
Medal for combat injuryPurple Heart
90%
1985 Whoopi Goldberg moiveThe Color Purple
87%
What children's character Barney wasPurple dinosaur
77%
Band that wrote Smoke on the WaterDeep Purple
71%
Jimi Hendrix songPurple Haze
71%
It was a one-eyed, one-horned, flyin'...Purple people eater
71%
On Katy Perry's head in California Gurls vidPurple hair
29%
What Mace Windu carriedPurple lightsaber
29%
Cough syrup mixed as a drugPurple drank
16%
Detroit Jewish mafia from 20s-30sPurple Gang
6%
Eminem/D12 songPurple Pills
6%
1985 Jeff Daniels MoviePurple Rose of Cairo
6%
90s phrase to express disbelief in a rumorPurple monkey dishwasher
0%
Synthetic oil brandRoyal Purple
0%

Score Distribution

Percentile by Number Answered

Percent of People with Each Score

Your Score History

You have not taken this quiz